[Event "POL-chT Ekstraliga"]
[Site "Chotowa"]
[Date "2025.06.02"]
[Round "1.5"]
[White "Bartel, Michal"]
[Black "Kosakowski, Jakub"]
[Result "0-1"]
[WhiteElo "2248"]
[BlackElo "2548"]
[PlyCount "126"]
[EventDate "2025.06.02"]
[EventType "team-tourn"]
[EventRounds "9"]
[EventCountry "POL"]
[SourceTitle "CB24_2025"]
[SourceDate "2025.06.11"]
[SourceVersion "1"]
[SourceVersionDate "2025.06.11"]
[SourceQuality "1"]
[WhiteTeam "Miedzyborow Wrzos"]
[BlackTeam "Pegow Wieza"]
[WhiteTeamCountry "POL"]
[BlackTeamCountry "POL"]

1. e4 c5 2. Nf3 d6 3. Bb5+ Nd7 4. 0-0 a6 5. Bd3 Ngf6 6. c3 b5 7. Bc2 Bb7 8. Re1 e6 9. d4 Be7 10. Nbd2 Qc7 11. Nf1 0-0 12. Bg5 h6 13. Bh4 Rfe8 14. Qd3 e5 15. Rac1 d5 16. Bxf6 dxe4 17. Qd2 Nxf6 18. Nxe5 Bd6 19. Re3 Rad8 20. Qe2 Bxe5 21. dxe5 Qxe5 22. Re1 Qe6 23. b3 g6 24. h3 Qc8 25. Ng3 Re6 26. Bxe4 Bxe4 27. Nxe4 Nd5 28. Rd3 c4 29. bxc4 bxc4 30. Rd4 Nxc3 31. Qxc4 Qxc4 32. Rxc4 Rd3 33. Kf1 Nxe4 34. Rcxe4 Rb6 35. R4e2 a5 36. Rc2 a4 37. Re4 a3 38. Ke2 Rd5 39. Re3 Ra5 40. Kf3 Rb2 41. Ree2 Rab5 42. Ke4 Kg7 43. Kd3 g5 44. Kc3 Rb1 45. Kd2 Rd5+ 46. Ke3 h5 47. f3 Re5+ 48. Kf2 Rxe2+ 49. Kxe2 h4 50. Kd3 Kg6 51. Rc3 Rg1 52. Rc2 Kf5 53. Ke3 Re1+ 54. Kf2 Rb1 55. Ke3 Rb2 56. Kd3 Rxc2 57. Kxc2 Kf4 58. Kb3 Kg3 59. Kxa3 Kxg2 60. Kb3 Kxh3 61. a4 Kg3 62. a5 h3 63. a6 h2 0-1

[Event "Titled Tuesday intern op 11th Feb Early"]
[Site "Chess.com INT"]
[Date "2025.02.11"]
[Round "6"]
[White "Bartel, Michal"]
[Black "Fogo Esquivel, Levi Kalani Alexand"]
[Result "0-1"]
[WhiteElo "2234"]
[BlackElo "2026"]
[PlyCount "118"]
[EventDate "2025.02.11"]
[EventType "swiss (blitz)"]
[EventRounds "11"]
[EventCountry "USA"]
[SourceTitle "CB09_2025"]
[SourceDate "2025.02.27"]
[SourceVersion "1"]
[SourceVersionDate "2025.02.27"]
[SourceQuality "1"]

1. e4 e5 2. Nc3 Nc6 3. g3 Bc5 4. Bg2 d6 5. Na4 Nf6 6. Ne2 Be6 7. 0-0 Qd7 8. Nxc5 dxc5 9. d3 Bh3 10. Be3 Bxg2 11. Kxg2 b6 12. f4 0-0 13. fxe5 Nxe5 14. h3 Ne8 15. g4 Nd6 16. b3 Rae8 17. Qe1 Nxg4 18. hxg4 Qxg4+ 19. Ng3 f5 20. Qd1 Qg6 21. Qh5 Qxh5 22. Nxh5 fxe4 23. Rxf8+ Rxf8 24. dxe4 Nxe4 25. Rd1 Nc3 26. Rd7 Rf7 27. Rd8+ Rf8 28. Rd3 Nxa2 29. Bd2 Nb4 30. Bxb4 cxb4 31. Kg3 g6 32. Nf4 c5 33. Ne6 Re8 34. Nf4 Kf7 35. Kf3 g5 36. Nd5 Kg6 37. Nc7 Re7 38. Rd6+ Kf5 39. Nd5 g4+ 40. Kg3 Re5 41. Rf6+ Ke4 42. Nf4 Kd4 43. Nd3 Re2 44. Rf4+ Kc3 45. Rc4+ Kd2 46. Nf4 Re3+ 47. Kxg4 Rc3 48. Re4 Kxc2 49. Re7 a5 50. Rb7 Kxb3 51. Rxb6 Rc4 52. Kf3 Rxf4+ 53. Kxf4 a4 54. Ke3 a3 55. Kd3 a2 56. Ra6 c4+ 57. Kd4 c3 58. Kd3 Kb2 59. Kc4 c2 0-1

[Event "Titled Tuesday intern op 11th Feb Early"]
[Site "Chess.com INT"]
[Date "2025.02.11"]
[Round "2"]
[White "Bartel, Michal"]
[Black "Schiffer, Stefan"]
[Result "1/2-1/2"]
[WhiteElo "2234"]
[BlackElo "2154"]
[PlyCount "92"]
[EventDate "2025.02.11"]
[EventType "swiss (blitz)"]
[EventRounds "11"]
[EventCountry "USA"]
[SourceTitle "CB09_2025"]
[SourceDate "2025.02.27"]
[SourceVersion "1"]
[SourceVersionDate "2025.02.27"]
[SourceQuality "1"]

1. e4 e6 2. d4 d5 3. Nc3 Nf6 4. e5 Nfd7 5. Nce2 c5 6. c3 Nc6 7. Nf3 Be7 8. g3 b5 9. Bh3 a5 10. 0-0 b4 11. Nf4 Qb6 12. Be3 a4 13. cxb4 Qxb4 14. b3 axb3 15. axb3 Rb8 16. Rb1 cxd4 17. Nxd4 Nxd4 18. Bxd4 0-0 19. Re1 Nc5 20. Re3 Bg5 21. Bc3 Qb6 22. Qd4 Ne4 23. Qxb6 Rxb6 24. Ba5 Rb5 25. Be1 Bb7 26. Bf1 Rb6 27. Ba5 Rc6 28. b4 Rc2 29. Bd3 Bxf4 30. gxf4 Ra2 31. f3 Nc3 32. Rc1 d4 33. Be4 Bxe4 34. Rexc3 dxc3 35. fxe4 c2 36. Bb6 Rb8 37. Bc5 Rba8 38. Kf2 R8a3 39. b5 Rd3 40. b6 Rd1 41. b7 Rb2 42. b8R+ Rxb8 43. Rxc2 Rdd8 44. Bd6 g6 45. Bxb8 Rxb8 46. Kg3 Kg7 1/2-1/2

[Event "Titled Tuesday intern op 11th Feb Early"]
[Site "Chess.com INT"]
[Date "2025.02.11"]
[Round "5"]
[White "Cuevas Araya, Walter"]
[Black "Bartel, Michal"]
[Result "1/2-1/2"]
[WhiteElo "2032"]
[BlackElo "2234"]
[PlyCount "120"]
[EventDate "2025.02.11"]
[EventType "swiss (blitz)"]
[EventRounds "11"]
[EventCountry "USA"]
[SourceTitle "CB09_2025"]
[SourceDate "2025.02.27"]
[SourceVersion "1"]
[SourceVersionDate "2025.02.27"]
[SourceQuality "1"]

1. e4 e5 2. Nf3 Nc6 3. d4 exd4 4. Bc4 g6 5. 0-0 Bg7 6. Re1 d6 7. h3 Nge7 8. Bg5 h6 9. Bf4 0-0 10. Nbd2 Be6 11. Bxe6 fxe6 12. Bg3 e5 13. c3 dxc3 14. bxc3 Kh7 15. Rb1 b6 16. Nc4 Qe8 17. Ne3 Qf7 18. Qd2 Nd8 19. Nh2 Ne6 20. Nhg4 h5 21. Nh2 Bh6 22. Qc2 Qf6 23. f3 Bf4 24. Bf2 Qg5 25. Kh1 Bg3 26. Rbd1 Nf4 27. Bxg3 Qxg3 28. Nef1 Qg5 29. Ne3 Qf6 30. c4 Rf7 31. Nd5 Nfxd5 32. cxd5 Ng8 33. Rc1 a5 34. Qd2 Re8 35. Rc3 Ree7 36. Rec1 Qg7 37. Nf1 Nh6 38. Qg5 Qf8 39. R1c2 Ng8 40. Qc1 Qg7 41. Qg5 Nf6 42. Ne3 Qh6 43. Qxh6+ Kxh6 44. Kg1 Nh7 45. h4 Kg7 46. Kf2 Kf8 47. Rc6 Nf6 48. Ke2 Ne8 49. Nd1 Rf4 50. g3 Rf6 51. Nf2 Ref7 52. R6c3 Rg7 53. Nh3 Ke7 54. Ng5 Rgf7 55. a4 Kd8 56. Rc6 Re7 57. Rc1 Rg7 58. R1c2 Re7 59. Rc1 Rd7 60. R1c2 Re7 1/2-1/2

[Event "EU-ch 24th"]
[Site "Petrovac"]
[Date "2024.11.16"]
[Round "8"]
[White "Petrovskiy, Vadim"]
[Black "Bartel, Michal"]
[Result "1-0"]
[WhiteElo "2433"]
[BlackElo "2222"]
[PlyCount "59"]
[EventDate "2024.11.08"]
[EventType "swiss"]
[EventRounds "11"]
[EventCountry "MNE"]
[SourceTitle "CB47_2024"]
[SourceDate "2024.11.20"]
[SourceVersion "1"]
[SourceVersionDate "2024.11.20"]
[SourceQuality "1"]

1. e4 e5 2. Nf3 Nc6 3. Bc4 Be7 4. d4 d6 5. Nc3 Nf6 6. d5 Nb8 7. a4 a5 8. h3 Nbd7 9. Be3 0-0 10. 0-0 Nh5 11. Re1 g6 12. Bf1 Ng7 13. Nd2 f5 14. Nc4 Bg5 15. Bxg5 Qxg5 16. Nb5 Ne8 17. exf5 Qxf5 18. Qd2 Nc5 19. Ra3 Qd7 20. Nxa5 Rf4 21. g3 Rxa4 22. Rxa4 Nxa4 23. b4 c6 24. dxc6 bxc6 25. Nc3 Nxc3 26. Qxc3 Bb7 27. Bg2 Rd8 28. b5 Ba8 29. Nxc6 Nf6 30. Nxd8 1-0

[Event "EU-ch 24th"]
[Site "Petrovac"]
[Date "2024.11.09"]
[Round "2"]
[White "Bartel, Michal"]
[Black "Livaic, Leon"]
[Result "0-1"]
[WhiteElo "2222"]
[BlackElo "2557"]
[PlyCount "104"]
[EventDate "2024.11.08"]
[EventType "swiss"]
[EventRounds "11"]
[EventCountry "MNE"]
[SourceTitle "CB47_2024"]
[SourceDate "2024.11.20"]
[SourceVersion "1"]
[SourceVersionDate "2024.11.20"]
[SourceQuality "1"]

1. e4 c5 2. Nf3 d6 3. d4 cxd4 4. Nxd4 Nf6 5. Nc3 a6 6. g3 e5 7. Nf3 Be7 8. Nh4 0-0 9. Bg2 Bg4 10. Nf3 b5 11. 0-0 Nbd7 12. h3 Be6 13. Re1 Nb6 14. Ng5 Bd7 15. f4 Rc8 16. a3 a5 17. Qd3 Qc7 18. Nxb5 Qxc2 19. Qxc2 Rxc2 20. a4 Nxa4 21. Rxa4 Bxb5 22. Rxa5 Rb8 23. Ra7 Bd8 24. Be3 Be8 25. Ra2 Bd7 26. Rc1 Re2 27. Ba7 Rbxb2 28. Rxb2 Rxb2 29. fxe5 dxe5 30. Nf3 Rb7 31. Bf2 Bc7 32. Nd2 Be6 33. Nc4 h5 34. Ne3 Bd6 35. Rc6 Rb1+ 36. Kh2 Bf8 37. Bf3 Rb2 38. Nd1 Rd2 39. Kg2 Nxe4 40. Bxe4 Rxd1 41. Rb6 Rd2 42. Rb8 g6 43. Kf3 Kg7 44. g4 hxg4+ 45. hxg4 Bxg4+ 46. Kxg4 Rxf2 47. Bd5 f5+ 48. Kg3 Rd2 49. Rb7+ Kh6 50. Bf7 e4 51. Rb6 Bd6+ 52. Kh3 Rh2# 0-1

[Event "POL-chT 1st League"]
[Site "Darlowo"]
[Date "2024.09.18"]
[Round "5.5"]
[White "Sanz Wawer, Daniel"]
[Black "Bartel, Michal"]
[Result "1/2-1/2"]
[WhiteElo "2328"]
[BlackElo "2252"]
[PlyCount "45"]
[EventDate "2024.09.14"]
[EventType "team-swiss"]
[EventRounds "9"]
[EventCountry "POL"]
[SourceTitle "EXT 2025"]
[Source "ChessBase"]
[SourceDate "2024.10.14"]
[SourceVersion "1"]
[SourceVersionDate "2024.10.14"]
[SourceQuality "1"]

1. d4 d5 2. Nf3 a6 3. e3 e6 4. Bd3 Nf6 5. 0-0 c5 6. b3 Nc6 7. Bb2 Qc7 8. c4 cxd4 9. exd4 Be7 10. Nbd2 0-0 11. Qe2 Nb4 12. Bb1 dxc4 13. bxc4 b5 14. d5 bxc4 15. Be5 Qd8 16. dxe6 Bxe6 17. Nxc4 Rc8 18. Ne3 h6 19. Nd4 Bd7 20. Rd1 Ba4 21. Nb3 Qb6 22. Nf5 Rfe8 23. Qf3 1/2-1/2

[Event "POL-chT 1st League"]
[Site "Darlowo"]
[Date "2024.09.17"]
[Round "4.5"]
[White "Bartel, Michal"]
[Black "Kacprzak, Kacper"]
[Result "0-1"]
[WhiteElo "2252"]
[BlackElo "2250"]
[PlyCount "78"]
[EventDate "2024.09.14"]
[EventType "team-swiss"]
[EventRounds "9"]
[EventCountry "POL"]
[SourceTitle "EXT 2025"]
[Source "ChessBase"]
[SourceDate "2024.10.14"]
[SourceVersion "1"]
[SourceVersionDate "2024.10.14"]
[SourceQuality "1"]

1. e4 c5 2. Nf3 d6 3. Bb5+ Bd7 4. c4 Nc6 5. d4 cxd4 6. Nxd4 Nf6 7. Nc3 g6 8. 0-0 Bg7 9. Bxc6 bxc6 10. c5 0-0 11. Nb3 Be6 12. cxd6 exd6 13. Qc2 Qb6 14. Bf4 Rfd8 15. e5 Bf5 16. Qc1 Ng4 17. exd6 Bd3 18. Na4 Qb4 19. Rd1 Bc2 20. Re1 Qxa4 21. Bg5 Bf5 22. Bxd8 Rxd8 23. Qc5 Qf4 24. g3 Qf3 25. h3 Ne5 26. Re3 Qd5 27. Qxd5 cxd5 28. Rae1 Be4 29. Nc5 Rxd6 30. Rd1 Bf5 31. f4 Nd7 32. Re8+ Bf8 33. b4 Bxh3 34. Ra8 Nxc5 35. bxc5 Rc6 36. Rxd5 Kg7 37. Kh2 Be6 38. Rd2 Bxc5 39. Rc2 Bg1+ 0-1

[Event "Titled Tuesday intern op 23rd Apr Early"]
[Site "Chess.com INT"]
[Date "2024.04.23"]
[Round "4"]
[White "Bartel, Michal"]
[Black "Lewtak, Damian"]
[Result "1/2-1/2"]
[WhiteElo "2252"]
[BlackElo "2343"]
[PlyCount "86"]
[EventDate "2024.04.23"]
[EventType "swiss (blitz)"]
[EventRounds "11"]
[EventCountry "USA"]
[SourceTitle "EXT 2025"]
[Source "ChessBase"]
[SourceDate "2024.10.14"]
[SourceVersion "1"]
[SourceVersionDate "2024.10.14"]
[SourceQuality "1"]

1. e4 c5 2. Ne2 Nc6 3. g3 g6 4. Bg2 Bg7 5. c3 e5 6. d3 Nge7 7. Be3 b6 8. d4 exd4 9. cxd4 0-0 10. Nbc3 cxd4 11. Nxd4 Ba6 12. Ndb5 Ne5 13. 0-0 Nc4 14. Bd4 Nc6 15. Bxg7 Kxg7 16. b3 N4a5 17. Re1 Bxb5 18. Nxb5 Nb7 19. Qd2 Qe7 20. Rad1 Rfd8 21. e5 a6 22. Nd6 Nxd6 23. Qxd6 Qxd6 24. Rxd6 Rac8 25. f4 Kf8 26. Red1 Ke7 27. Kf2 Rc7 28. R1d2 b5 29. Ke3 Rdc8 30. Bh3 Nb8 31. Bg4 h5 32. Bh3 Rb7 33. f5 gxf5 34. Bxf5 Rbc7 35. Rh6 Rc5 36. Kf4 R8c7 37. Rxh5 Nc6 38. Bg4 Nb4 39. Rh7 Nd5+ 40. Kg5 Nc3 41. Kf4 Nd5+ 42. Kg5 Nc3 43. Kf4 Nd5+ 1/2-1/2

[Event "Titled Tuesday intern op 09th Apr Early"]
[Site "Chess.com INT"]
[Date "2024.04.09"]
[Round "5"]
[White "Bartel, Michal"]
[Black "Weetik, Vjacheslav"]
[Result "0-1"]
[WhiteElo "2252"]
[BlackElo "2423"]
[PlyCount "132"]
[EventDate "2024.04.09"]
[EventType "swiss (blitz)"]
[EventRounds "11"]
[EventCountry "USA"]
[SourceTitle "EXT 2025"]
[Source "ChessBase"]
[SourceDate "2024.10.14"]
[SourceVersion "1"]
[SourceVersionDate "2024.10.14"]
[SourceQuality "1"]

1. e4 c5 2. Ne2 d6 3. c3 Nf6 4. d3 Nc6 5. g3 d5 6. Bg2 dxe4 7. dxe4 Qxd1+ 8. Kxd1 Ng4 9. Ke1 Nce5 10. Nf4 g5 11. h3 gxf4 12. hxg4 f3 13. Bf1 Bxg4 14. Bf4 Bg7 15. Nd2 0-0-0 16. Rd1 h5 17. Nc4 Ng6 18. Be3 b6 19. Bh3 Kc7 20. a4 Kc6 21. Bg5 a6 22. Ne3 Bxh3 23. Rxh3 Rxd1+ 24. Kxd1 e6 25. Kc2 Ne5 26. Rh4 f6 27. Bf4 Ng6 28. Rh3 h4 29. Ng4 hxg3 30. Rxh8 Bxh8 31. Bxg3 f5 32. exf5 exf5 33. Nh6 f4 34. Bh2 Be5 35. Nf7 Kd5 36. Ng5 Nh4 37. Kd3 c4+ 38. Kc2 b5 39. axb5 axb5 40. Kd2 Bf6 41. Bxf4 Bxg5 42. Bxg5 Nf5 43. Bf4 Ke4 44. Bc7 Nh6 45. Bb6 Ng4 46. Ba7 Ne5 47. Kc2 Nd3 48. b3 Ne1+ 49. Kb2 Kd3 50. bxc4 bxc4 51. Bd4 Kd2 52. Be3+ Ke2 53. Bb6 Nd3+ 54. Ka3 Nxf2 55. Kb4 Nd1 56. Bg1 Kd3 57. Bc5 f2 58. Bxf2 Nxf2 59. Ka3 Kxc3 60. Ka2 Kc2 61. Ka1 c3 62. Ka2 Kd1 63. Ka1 c2 64. Ka2 c1Q 65. Kb3 Qc5 66. Ka2 Kc2 0-1

[Event "Titled Tuesday intern op 09th Apr Early"]
[Site "Chess.com INT"]
[Date "2024.04.09"]
[Round "6"]
[White "Goldin, Roman"]
[Black "Bartel, Michal"]
[Result "0-1"]
[WhiteElo "2293"]
[BlackElo "2252"]
[PlyCount "52"]
[EventDate "2024.04.09"]
[EventType "swiss (blitz)"]
[EventRounds "11"]
[EventCountry "USA"]
[SourceTitle "EXT 2025"]
[Source "ChessBase"]
[SourceDate "2024.10.14"]
[SourceVersion "1"]
[SourceVersionDate "2024.10.14"]
[SourceQuality "1"]

1. e4 e5 2. Nf3 Nc6 3. Nc3 g6 4. d4 exd4 5. Nxd4 Bg7 6. Be3 Nf6 7. Qd2 0-0 8. 0-0-0 Re8 9. f3 d5 10. Nxc6 bxc6 11. Bg5 Qd6 12. exd5 Nxd5 13. Nxd5 cxd5 14. Qxd5 Qb6 15. Bb5 Bb7 16. Qb3 Re5 17. Rd7 Rf8 18. Bc4 Qxb3 19. axb3 Rxg5 20. Rxc7 Ba8 21. Rxa7 Rxg2 22. Bxf7+ Kh8 23. h4 Bxf3 24. b4 Be4 25. Bb3 Rgf2 26. b5 Bxh1 0-1

[Event "Titled Tuesday intern op 09th Apr Early"]
[Site "Chess.com INT"]
[Date "2024.04.09"]
[Round "1"]
[White "Kaydanovich, Marina"]
[Black "Bartel, Michal"]
[Result "1-0"]
[WhiteElo "1811"]
[BlackElo "2252"]
[PlyCount "57"]
[EventDate "2024.04.09"]
[EventType "swiss (blitz)"]
[EventRounds "11"]
[EventCountry "USA"]
[SourceTitle "EXT 2025"]
[Source "ChessBase"]
[SourceDate "2024.10.14"]
[SourceVersion "1"]
[SourceVersionDate "2024.10.14"]
[SourceQuality "1"]

1. d4 Nf6 2. c3 e6 3. Nf3 b6 4. Bf4 Bb7 5. e3 Be7 6. h3 0-0 7. Bd3 c5 8. Nbd2 Nc6 9. 0-0 d5 10. Qe2 Re8 11. Rfd1 h6 12. Rac1 Rc8 13. Bb1 c4 14. e4 b5 15. e5 Nd7 16. g4 b4 17. Nf1 Nf8 18. Ng3 a5 19. Qf1 a4 20. Qg2 a3 21. bxa3 bxc3 22. g5 hxg5 23. Nh5 f6 24. Rxc3 Nh7 25. exf6 gxf6 26. h4 Kh8 27. hxg5 fxg5 28. Bxh7 gxf4 29. Qg7# 1-0

[Event "Titled Tuesday intern op 09th Apr Early"]
[Site "Chess.com INT"]
[Date "2024.04.09"]
[Round "4"]
[White "Shuvalova, Polina"]
[Black "Bartel, Michal"]
[Result "1/2-1/2"]
[WhiteElo "2439"]
[BlackElo "2252"]
[PlyCount "84"]
[EventDate "2024.04.09"]
[EventType "swiss (blitz)"]
[EventRounds "11"]
[EventCountry "USA"]
[SourceTitle "EXT 2025"]
[Source "ChessBase"]
[SourceDate "2024.10.14"]
[SourceVersion "1"]
[SourceVersionDate "2024.10.14"]
[SourceQuality "1"]

1. e4 e5 2. Nf3 Nc6 3. Nc3 g6 4. d4 exd4 5. Nxd4 Bg7 6. Be3 Nf6 7. f3 0-0 8. Bc4 Re8 9. 0-0 d5 10. Nxd5 Nxd5 11. Bxd5 Nxd4 12. Bxd4 Bxd4+ 13. Qxd4 c6 14. c4 cxd5 15. cxd5 Bd7 16. Rac1 Qb6 17. Qxb6 axb6 18. Rc7 Bb5 19. Rfc1 Rxa2 20. Rxb7 Rxb2 21. Rxb6 Ra8 22. Kh1 Raa2 23. Rg1 Bd7 24. Rxb2 Rxb2 25. Rc1 Kf8 26. h3 Ke7 27. Rc7 Kd6 28. Ra7 f6 29. Kh2 h5 30. Ra6+ Ke7 31. h4 Rd2 32. Rb6 g5 33. hxg5 fxg5 34. Rg6 g4 35. Kg3 h4+ 36. Kxh4 Rxg2 37. Rg7+ Ke8 38. fxg4 Re2 39. Rg8+ Ke7 40. Rg7+ Ke8 41. Rg8+ Ke7 42. Rg7+ Ke8 1/2-1/2